Renewable energy (Record no. 78394)
[ view plain ]
| 000 -LEADER | |
|---|---|
| fixed length control field | 00476nam a2200181Ia 4500 |
| 001 - CONTROL NUMBER | |
| control field | 69409 |
| 008 - FIXED-LENGTH DATA ELEMENTS--GENERAL INFORMATION | |
| fixed length control field | 151103s9999||||xx |||||||||||||| ||und|| |
| 020 ## - INTERNATIONAL STANDARD BOOK NUMBER | |
| International Standard Book Number | 9780199545339 |
| 040 ## - CATALOGING SOURCE | |
| Transcribing agency | PK-LaUMT |
| 082 ## - DEWEY DECIMAL CLASSIFICATION NUMBER | |
| Classification number | 621.042 |
| Item number | REN- |
| 100 ## - MAIN ENTRY--PERSONAL NAME | |
| Personal name | Boyle, Godfre |
| 245 ## - TITLE STATEMENT | |
| Title | Renewable energy |
| Remainder of title | power for a sustainable future |
| Statement of responsibility, etc | Boyle, Godfre |
| 260 ## - PUBLICATION, DISTRIBUTION, ETC. (IMPRINT) | |
| Place of publication, distribution, etc | Oxford,USA: |
| Name of publisher, distributor, etc | Oxford University Press, |
| Date of publication, distribution, etc | 2012 |
| 300 ## - PHYSICAL DESCRIPTION | |
| Extent | 566 p. |
| 546 ## - LANGUAGE NOTE | |
| Language note | EN |
| 650 ## - SUBJECT ADDED ENTRY--TOPICAL TERM | |
| Topical term or geographic name as entry element | Renewable energy |
| 942 ## - ADDED ENTRY ELEMENTS (KOHA) | |
| Koha item type | Books |
| Withdrawn status | Lost status | Damaged status | Not for loan | Home library | Current library | Date acquired | Total Checkouts | Full call number | Barcode | Date last seen | Date checked out | Price effective from | Koha item type |
|---|---|---|---|---|---|---|---|---|---|---|---|---|---|
| UMT Main Campus | UMT Main Campus | 2015-11-02 | 2 | 621.042 REN- | 94950 | 2018-12-19 | 2016-04-26 | 2015-11-03 | Books |
